Nemzetközi szerződések a középeurópai kérdés rendezése : 1848-1871. 3. rész /

Elmentve itt :
Bibliográfiai részletek
Szerző: Horváth Jenő
Dokumentumtípus: Cikk
Megjelent: 1921
Sorozat:Kolligátum
Kulcsszavak:Nemzetközi jog - forrás
Online Access:http://misc.bibl.u-szeged.hu/23433
LEADER 00593nab a2200169 i 4500
001 misc23433
005 20191111110519.0
008 170725s1921 hu o 0|| zxx d
040 |a SZTE Miscellanea Repozitórium  |b hun 
041 |a zxx 
100 1 |a Horváth Jenő 
245 1 0 |a Nemzetközi szerződések   |h [elektronikus dokumentum] :  |b a középeurópai kérdés rendezése : 1848-1871. 3. rész /  |c  Horváth Jenő 
260 |c 1921 
300 |a 114-191 
490 0 |a Kolligátum 
695 |a Nemzetközi jog - forrás 
856 4 0 |u http://misc.bibl.u-szeged.hu/23433/1/87584_114-191.pdf  |z Dokumentum-elérés